000
00305nam a2200109Ia 4500
008
171211s9999 xx 000 0 und d
245
_a
Digital Textile Printing
245
_c
Linda Welters and Susan Carden
260
_c
2016
650
_x
Design
856
_u
http://down.ebook777.com/060/9781472535672.pdf
999
_c
347956
_d
347956